| 000 | 00733nam a22002295i 4500 | ||
|---|---|---|---|
| 001 | 53185 | ||
| 003 | ES-MaACL | ||
| 005 | 20250704062527.0 | ||
| 007 | t| | ||
| 008 | 941129m18601861sp af ||||1| spa d | ||
| 040 |
_aCARM _bspa |
||
| 100 | 1 |
_aDumas, Alexandre, _d1802-1870 _eaut _9241135 |
|
| 245 | 1 | 4 |
_aLos mohicanos de París / _cnovela escrita en frances por Alejandro Dumas ; traducida por Juan Sala. |
| 260 |
_aMadrid : _bManini Hermanos, _c1860-1861. |
||
| 300 |
_a2 v., [19] h. de lám. ; _c22 cm. |
||
| 490 | 1 | _aEdiciones populares ilustradas | |
| 700 | 1 |
_aSala, Juan. _9101648 |
|
| 830 | 0 |
_aEdiciones populares ilustradas _9230239 |
|
| 852 |
_aES-MaACL _jB-7244-7 |
||
| 942 | _2udc | ||
| 999 |
_c53185 _d53185 |
||